Caricamento...

Barnaby rudge /

Dettagli Bibliografici
Autore principale: Dickens, Charles
Natura: Printed Book
Lingua:English
Pubblicazione: London : Collins, 1968.
Soggetti:
LEADER 00439nam a2200145Ia 4500
008 150623b xxu||||| |||| 00| 1 eng d
082 |a 823.7D1 
100 |a Dickens, Charles 
245 |a Barnaby rudge /  |c Charles Dickens 
260 |a London :  |b Collins,  |c 1968. 
300 |a 576 
650 |v Fiction 
942 |c BK 
999 |c 2135  |d 2135 
952 |0 1  |1 0  |4 1  |6 823_000000000000000_7D1_BAR  |7 0  |9 2134  |a UL  |b UL  |c ST2  |d 1998-09-24  |o 823.7D1 BAR  |p 3961  |r 2015-10-28  |y BK